| 000 | 00722nam a22001937a 4500 | ||
|---|---|---|---|
| 999 |
_c19592 _d19592 |
||
| 003 | AR-CdUCM | ||
| 008 | 190518b ||||| |||| 00| 0 spa d | ||
| 040 |
_aMUNICIPALIDAD PROVINCIAL DEL CUSCO _cBIBLIOTECA MUNICIPAL DEL CUSCO |
||
| 082 |
_a199 / _bSU87 |
||
| 100 |
_aSudre, Rene. _941023 |
||
| 245 | _aTratado de parapsicología / | ||
| 260 |
_aBuenos Aires : _bSiglo Veinte, _c1965. |
||
| 300 |
_a453 páginas ; _c21 cm. |
||
| 505 | _aContenido : Lo maravilloso en la antigüedad y entre los hombres primitivos -- El hipnotismo -- El espiritismo -- La metapsiquica -- La época contemporánea ... | ||
| 650 |
_aMetafísica. _92817 |
||
| 650 |
_aMagnetismo. _919341 |
||
| 942 |
_2ddc _cLIBROS |
||
| 945 |
_arum _d2019-05-18 |
||